Teritoriálna dynamika poznatkov
Poznatková dynamika a chápanie poznatkov. Teritoriálna dynamika poznatkov (TKD) a dimenzie. Typy regiónov. Proximity/distance learning. Mobilita vs. ukotvenie. Informačné siete a sektor informačnej bezpečnosti. Regionálne inovačné bariéry.
Guardado en:
| Autor principal: | |
|---|---|
| Otros Autores: | , |
| Formato: | Capítulo de libro |
| Lenguaje: | eslovaco |
| Materias: | |
| Etiquetas: |
Sin Etiquetas, Sea el primero en etiquetar este registro!
|
MARC
| LEADER | 00000naa$a2200000$$$4500 | ||
|---|---|---|---|
| 001 | 0105517 | ||
| 005 | 20240502083250.8 | ||
| 041 | 0 | |a slo | |
| 044 | |a CZ | ||
| 245 | 1 | 0 | |a Teritoriálna dynamika poznatkov |c Štefan Rehák, Jozef Tvrdoň, Alžbeta Ivaničková |
| 520 | |a Poznatková dynamika a chápanie poznatkov. Teritoriálna dynamika poznatkov (TKD) a dimenzie. Typy regiónov. Proximity/distance learning. Mobilita vs. ukotvenie. Informačné siete a sektor informačnej bezpečnosti. Regionálne inovačné bariéry. | ||
| 610 | 2 | 0 | |a politika regionálna |
| 610 | 2 | 0 | |a regióny |
| 610 | 2 | 0 | |a rozvoj regionálny |
| 610 | 2 | 0 | |a ekonomika regionálna |
| 610 | 2 | 0 | |a analýzy |
| 610 | 2 | 0 | |a ekonomika priestorová |
| 100 | 1 | |a Rehák, Štefan, 1974- | |
| 700 | 1 | |a Tvrdoň, Jozef | |
| 700 | 1 | |a Ivaničková, Alžbeta | |